Catechismo di ateologia : in cosa crede chi non crede /
I tiakina i:
| Kaituhi matua: | |
|---|---|
| Hōputu: | Pukapuka |
| Reo: | Itāriana |
| I whakaputaina: |
Casale Monferrato :
Piemme,
2008
|
| Ngā marau: | |
| Ngā Tūtohu: |
Kāore He Tūtohu, Me noho koe te mea tuatahi ki te tūtohu i tēnei pūkete!
|
MARC
| LEADER | 00000nam a22000007i 4500 | ||
|---|---|---|---|
| 001 | IT\ICCU\LO1\1176032 | ||
| 003 | ItRI | ||
| 005 | 20260115232101.0 | ||
| 008 | 080226s2008 it |||||| ||||| |||||c | ||
| 020 | |a 9788838489150 | ||
| 040 | |b ita |c importazione bologna sebina | ||
| 041 | 7 | |a ita |2 ISO-639-2 | |
| 082 | |a 211.8 |9 Ateismo |2 20 | ||
| 100 | 1 | |a Désalmand, Paul |0 IT\ICCU\MILV\099235 |4 aut | |
| 240 | 1 | 2 | |a L'atheisme explique aux croyants |3 IT\ICCU\LO1\1176033 |9 Désalmand, Paul |
| 245 | 1 | 0 | |a Catechismo di ateologia : |b in cosa crede chi non crede / |c Paul Desalmand. |
| 260 | |a Casale Monferrato : |b Piemme, |c 2008 | ||
| 300 | |a 238 p. ; |c 21 cm. | ||
| 650 | 7 | |a Ateismo | |
| 942 | |2 ddc |c BK |n 0 | ||
| 952 | |0 0 |1 0 |4 0 |6 DOC_211_800000000000000_DES |7 0 |9 19726 |a BO |b BO |d 2026-01-15 |i 19910 |l 0 |o DOC 211.8 DES |p BO19910 |r 2026-01-15 23:21:01 |w 2026-01-15 |x [Sebina 5] [1 v.] |y BK |z 1 v. | ||
| 999 | |c 16822 |d 16822 | ||